• 首页
  • 本馆介绍
  • 公告通知
  • 最新文献
  • 馆藏检索
  • 电子资源
  • 读者导购
  • 参考咨询
  • 我的图书馆
  • 登录
  • 详细信息显示
  • 放入我的书架
  • 预约/预借图书
  • 作者相关作品
  • 分类相关作品
  • 丛书相关作品
  • 出版社相关作品

书目信息

  • 表格格式
  • 工作单格式
  • 卡片格式
题名:
文化战略
    
 
作者: 霍尔特 , 卡梅隆 著 ;汪凯 译
分册:  
出版信息: 北京   商务印书馆  2013
页数: 398页
开本: 24cm
丛书名:
单 册:
中图分类: F272-05
科图分类:
主题词: 企业文化--研究 , 企业文化
电子资源:
ISBN: 978-7-100-09891-5
000 01473nam0 2200325 450
001 523
005 20140909091439.82
010    @a978-7-100-09891-5@dCNY52.00
100    @a20131015d2013 em y0chiy50 ea
101 1  @achi@ceng
102    @aCN@b110000
105    @ay z 001yy
106    @ar
200 1  @a文化战略@AWen Hua Zhan Lue@e以创新的意识形态构建独特的文化品牌@EYi Chuang Xin De Yi Shi Xing Tai Gou Jian Du Te De Wen Hua Pin Pai@f(美)道格拉斯·霍尔特,(美)道格拉斯·卡梅隆著@F( Mei ) Dao Ge La Si· Huo Er Te, ( Mei ) Dao Ge La Si· Ka Mei Long Zhu@g汪凯译
210    @a北京@c商务印书馆@d2013
215    @a398页@d24cm
300    @a国际文化版图研究文库/颜子悦主编
305    @a南京颜子悦文化艺术工作室授权出版
312    @a英文版权页题:Cultural strategy: using innovative ideologies to build breakthrough brands
330    @a本书分为三部分共十六章,内容包括:文化创新理论、文化战略模式的应用、文化创新的组织等。
510 1  @aCultural strategy@eusing innovative ideologies to build breakthrough brands@zeng
517 1  @a以创新的意识形态构建独特的文化品牌@AYi Chuang Xin De Yi Shi Xing Tai Gou Jian Du Te De Wen Hua Pin Pai
606 0  @a企业文化@x研究
606 0  @a企业文化
690    @aF272-05@v5
701  0 @c(美)@a霍尔特@AHuo Er Te@c(Holt, Douglas B.)@4著
701  0 @c(美)@a卡梅隆@AKa Mei Long@c(Cameron, Douglas)@4著
702  0 @a汪凯@AWang Kai@c(翻译)@4译
801  0 @aCN@bTANGWEI@c20140603
905    @b0839950-52@dF272-05@e1006@f3
    
    文化战略:以创新的意识形态构建独特的文化品牌/(美)道格拉斯·霍尔特,(美)道格拉斯·卡梅隆著/汪凯译.-北京:商务印书馆,2013
    398页;24cm
    国际文化版图研究文库/颜子悦主编
    
    ISBN 978-7-100-09891-5:CNY52.00
    本书分为三部分共十六章,内容包括:文化创新理论、文化战略模式的应用、文化创新的组织等。
●
相关链接 在E读中查询图书 在五车中查询图书 在当当中查询图书 在豆瓣中查询图书


正题名:文化战略     索取号:F272-05/1006         预约/预借

序号 登录号 条形码 馆藏地/架位号 状态 备注
1 0839950   208399507   第一样本阅览室/ [索取号:F272-05/1006] 在馆    
2 0839951   208399516   第一借阅区/ [索取号:F272-05/1006] 在馆    
3 0839952   208399525   第一借阅区/ [索取号:F272-05/1006] 在馆    
唐山师范学院图书馆 欢迎您!
大连网信软件有限公司© 版权所有